[Event "EU-ch (Women) 24th"]
[Site "Rhodes"]
[Date "2024.04.26"]
[Round "7"]
[White "Follana Albelda, Lucia"]
[Black "Houska, Jovanka"]
[Result "0-1"]
[WhiteElo "1954"]
[BlackElo "2340"]
[PlyCount "92"]
[EventDate "2024.04.19"]
[EventType "swiss"]
[EventRounds "10"]
[EventCountry "GRE"]
[SourceTitle "CB18_2024"]
[SourceDate "2024.05.01"]
[SourceVersion "1"]
[SourceVersionDate "2024.05.01"]
[SourceQuality "2"]

1. e4 c6 2. d4 d5 3. Nc3 dxe4 4. Nxe4 Nd7 5. Nf3 Ngf6 6. Nc3 Nb6 7. h3 Bf5 8. Bd3 Bg6 9. Bf4 e6 10. a4 a5 11. 0-0 Bd6 12. Ne5 Nbd5 13. Nxd5 Nxd5 14. Bg3 0-0 15. Re1 Rc8 16. Qg4 Bxd3 17. Nxd3 Nf6 18. Qh4 Bxg3 19. fxg3 Nd5 20. Qg4 Nb4 21. Nxb4 axb4 22. Re5 Qd6 23. Rf1 c5 24. Rxc5 Rxc5 25. dxc5 Qxc5+ 26. Kh2 Rd8 27. Rf4 Qxc2 28. Rxb4 Qc6 29. Qf3 Rd5 30. b3 h6 31. Qf4 e5 32. Qe4 Qd7 33. Rc4 f5 34. Rc8+ Kh7 35. Qc4 e4 36. Rc5 Rd3 37. Re5 Qd6 38. Rxf5 Qxg3+ 39. Kg1 Qe3+ 40. Kh2 Rxb3 41. Qf7 Qg3+ 42. Kg1 Rb2 43. Rf2 Rxf2 44. Qxf2 Qxf2+ 45. Kxf2 Kg6 46. Ke3 Kf5 0-1

[Event "EU-ch (Women) 24th"]
[Site "Rhodes"]
[Date "2024.04.21"]
[Round "3"]
[White "Valkova, Angelika"]
[Black "Houska, Jovanka"]
[Result "0-1"]
[WhiteElo "2009"]
[BlackElo "2340"]
[PlyCount "100"]
[EventDate "2024.04.19"]
[EventType "swiss"]
[EventRounds "10"]
[EventCountry "GRE"]
[SourceTitle "CB18_2024"]
[SourceDate "2024.05.01"]
[SourceVersion "1"]
[SourceVersionDate "2024.05.01"]
[SourceQuality "2"]

1. d4 d5 2. c4 e6 3. Nc3 Be7 4. cxd5 exd5 5. Bf4 c6 6. e3 Bf5 7. Qf3 Nf6 8. h3 Bg6 9. Nge2 Qb6 10. 0-0-0 Nbd7 11. Ng3 Bb4 12. e4 Qa5 13. e5 Ne4 14. Ncxe4 dxe4 15. Qb3 Nb6 16. h4 h6 17. a3 Be7 18. Be3 0-0 19. h5 Bh7 20. Be2 Nd5 21. Kb1 Kh8 22. Bc4 Rad8 23. Ne2 Nxe3 24. fxe3 Bg5 25. Nf4 Qc7 26. g3 a5 27. Qc3 Bf5 28. Rdf1 Bg4 29. Rf2 Bf3 30. Rg1 Qe7 31. g4 Bxf4 32. exf4 Qh4 33. Qd2 b5 34. Rh2 Rxd4 35. Qxd4 Qxh2 36. Bxf7 Rxf7 37. e6 Rf8 38. e7 Rg8 39. Rc1 Bxg4 40. Rxc6 Qh1+ 41. Ka2 Qxh5 42. Rc7 Be6+ 43. Kb1 Qh1+ 44. Kc2 Qg2+ 45. Kb1 Qf1+ 46. Kc2 Qe2+ 47. Kc1 Re8 48. Rc6 Qf1+ 49. Kd2 e3+ 50. Kc2 Qg2+ 0-1

[Event "World-chT Rapid"]
[Site "Dusseldorf"]
[Date "2023.08.26"]
[Round "4.6"]
[White "Besou, Hussain"]
[Black "Houska, Jovanka"]
[Result "1-0"]
[WhiteElo "2364"]
[BlackElo "2340"]
[PlyCount "105"]
[EventDate "2023.08.26"]
[EventType "team-swiss (rapid)"]
[EventRounds "12"]
[EventCountry "GER"]
[SourceTitle "CBM 215 Extra"]
[Source "ChessBase"]
[SourceDate "2023.09.30"]
[SourceVersion "1"]
[SourceVersionDate "2023.09.30"]
[SourceQuality "1"]
[WhiteTeam "Hemer"]
[BlackTeam "Chess Pensioners"]
[WhiteTeamCountry "GER"]
[BlackTeamCountry "USA"]

1. e4 c6 2. d4 d5 3. e5 Bf5 4. Nf3 e6 5. Be2 Nd7 6. 0-0 Bg6 7. Nbd2 Nh6 8. Nb3 Nf5 9. a4 Be7 10. a5 Bh5 11. Ne1 Bxe2 12. Qxe2 a6 13. Nd3 h5 14. c3 Rc8 15. Nbc5 Nxc5 16. dxc5 d4 17. c4 g6 18. b4 Qc7 19. Bb2 Rd8 20. Rad1 Bf8 21. Ne1 Bg7 22. Nf3 0-0 23. Nxd4 Qxe5 24. Qxe5 Bxe5 25. Nxf5 Bxb2 26. Nd6 Rd7 27. Rd3 e5 28. Re1 f5 29. Kf1 Rfd8 30. Re2 Ba1 31. f3 Kh7 32. Ke1 g5 33. Ra3 Bd4 34. Nxf5 Kg6 35. Nd6 h4 36. h3 Kf6 37. Re4 Kg6 38. Ke2 Kf6 39. Rd3 Bb2 40. Rg4 Bc1 41. g3 hxg3 42. Rxg3 Ke6 43. h4 Rh8 44. hxg5 Rh2+ 45. Kd1 Bf4 46. Rg1 Ra2 47. Ke1 Rh7 48. g6 Rhh2 49. Ne4 Ra1+ 50. Rd1 Raa2 51. g7 Bg3+ 52. Nxg3 Kf7 53. g8Q+ 1-0

[Event "Kragero op"]
[Site "Kragero"]
[Date "2023.02.25"]
[Round "8"]
[White "Houska, Jovanka"]
[Black "Mitusov, Semen"]
[Result "1/2-1/2"]
[WhiteElo "2338"]
[BlackElo "2396"]
[PlyCount "59"]
[EventDate "2023.02.22"]
[EventType "swiss"]
[EventRounds "9"]
[EventCountry "NOR"]
[SourceTitle "CBM 212 Extra"]
[Source "ChessBase"]
[SourceDate "2023.03.31"]
[SourceVersion "1"]
[SourceVersionDate "2023.03.31"]
[SourceQuality "1"]

1. d4 d5 2. Nf3 Nf6 3. c4 e6 4. Nc3 Be7 5. Bf4 0-0 6. e3 Nbd7 7. Qc2 c5 8. cxd5 exd5 9. dxc5 Nxc5 10. Be2 Bg4 11. 0-0 Qb6 12. Be5 Rfd8 13. Na4 Nxa4 14. Qxa4 Ne4 15. Rac1 Qg6 16. Qd4 Rd7 17. Rfe1 h6 18. Bf4 Bf6 19. Ne5 Bxe5 20. Bxe5 Bxe2 21. Rxe2 Ng5 22. Qg4 Qe6 23. h3 Qxg4 24. hxg4 Ne6 25. Rd2 Rad8 26. f4 f6 27. Bd4 Nxd4 28. Rxd4 Kf7 29. Kf2 Ke6 30. Kf3 1/2-1/2

[Event "Kragero op"]
[Site "Kragero"]
[Date "2023.02.23"]
[Round "4"]
[White "Gharibyan, Mamikon"]
[Black "Houska, Jovanka"]
[Result "1-0"]
[WhiteElo "2486"]
[BlackElo "2338"]
[PlyCount "73"]
[EventDate "2023.02.22"]
[EventType "swiss"]
[EventRounds "9"]
[EventCountry "NOR"]
[SourceTitle "CBM 212 Extra"]
[Source "ChessBase"]
[SourceDate "2023.03.31"]
[SourceVersion "1"]
[SourceVersionDate "2023.03.31"]
[SourceQuality "1"]

1. d4 d5 2. c4 e6 3. Nc3 Nf6 4. cxd5 exd5 5. Bg5 Be7 6. e3 Bg4 7. Qc2 Nbd7 8. Bd3 h6 9. Bf4 c6 10. h3 Be6 11. Nge2 Nb6 12. Be5 0-0 13. 0-0 Re8 14. b3 Nc8 15. Rad1 Nd6 16. f3 Nd7 17. Bf4 Nf8 18. e4 dxe4 19. fxe4 Bg5 20. Bh2 f6 21. Kh1 Kh8 22. Bg3 Nf7 23. Na4 Be3 24. Qc3 f5 25. Bc2 Bg5 26. Nc5 Nd6 27. Bxd6 Qxd6 28. e5 Qd5 29. Nxe6 Nxe6 30. Rxf5 c5 31. Qd3 g6 32. Rf6 Bxf6 33. Qxg6 Qd7 34. Qxh6+ Kg8 35. exf6 Nf8 36. dxc5 Qc7 37. Rd4 1-0

[Event "EU-ch Cities&Town (Women) op"]
[Site "Tornelo INT"]
[Date "2023.01.29"]
[Round "?"]
[White "Pica, Eleni"]
[Black "Houska, Jovanka"]
[Result "0-1"]
[WhiteElo "1048"]
[BlackElo "2338"]
[PlyCount "118"]
[EventDate "2023.01.29"]
[EventType "team-swiss"]
[EventRounds "9"]
[EventCountry "NET"]
[SourceTitle "CBM 212 Extra"]
[Source "ChessBase"]
[SourceDate "2023.03.31"]
[SourceVersion "1"]
[SourceVersionDate "2023.03.31"]
[SourceQuality "1"]
[WhiteTeam "Nicosia"]
[BlackTeam "London (W)"]
[WhiteTeamCountry "CYP"]
[BlackTeamCountry "ENG"]

1. d4 d5 2. c4 e6 3. Nc3 Nf6 4. Bf4 a6 5. Nf3 dxc4 6. e3 b5 7. a4 b4 8. Nb1 Nd5 9. Bg3 c5 10. Bxc4 cxd4 11. Nxd4 Be7 12. Bxb8 Rxb8 13. Nc6 Qc7 14. Nxb8 Qxc4 15. Qe2 Qc1+ 16. Qd1 Qxd1+ 17. Kxd1 Bb7 18. e4 Nf6 19. e5 Ng4 20. Ke2 Nxe5 21. f3 Bd6 22. Nxa6 Bxa6+ 23. Kf2 Nd3+ 24. Ke2 Nxb2+ 25. Kd2 Kd7 26. Kc2 Nc4 27. Nd2 Nxd2 28. Kxd2 b3 29. Rab1 Rb8 30. Kc3 Be5+ 31. Kd2 b2 32. Rhd1 Rc8 33. Ke3+ Ke7 34. f4 Bf6 35. g4 h6 36. Rd2 Rc3+ 37. Kf2 Rb3 38. Ke1 Bd3 39. Rxd3 Rxd3 40. Ke2 Ra3 41. h4 Ra1 42. Rxb2 Bxb2 43. Kd3 Rxa4 44. Kc2 Rxf4 45. Kxb2 Rxg4 46. h5 Rg3 47. Kc2 e5 48. Kd2 f5 49. Ke2 Kf6 50. Kf2 f4 51. Ke2 e4 52. Kf2 Kf5 53. Ke2 Kg4 54. Kf2 Ra3 55. Kg1 Ra2 56. Kf1 f3 57. Ke1 e3 58. Kd1 f2 59. Kc1 f1Q# 0-1

[Event "EU-ch Cities&Town (Women) op"]
[Site "Tornelo INT"]
[Date "2023.01.29"]
[Round "?"]
[White "Unuk, Laura"]
[Black "Houska, Jovanka"]
[Result "1-0"]
[WhiteElo "2296"]
[BlackElo "2338"]
[PlyCount "95"]
[EventDate "2023.01.29"]
[EventType "team-swiss"]
[EventRounds "9"]
[EventCountry "NET"]
[SourceTitle "CBM 212 Extra"]
[Source "ChessBase"]
[SourceDate "2023.03.31"]
[SourceVersion "1"]
[SourceVersionDate "2023.03.31"]
[SourceQuality "1"]
[WhiteTeam "Ljubljana (W)"]
[BlackTeam "London (W)"]
[WhiteTeamCountry "SLO"]
[BlackTeamCountry "ENG"]

1. d4 d5 2. c4 e6 3. Nc3 Nf6 4. Nf3 Nbd7 5. Bg5 Be7 6. e3 h6 7. Bh4 0-0 8. Qc2 a6 9. Rd1 dxc4 10. Bxc4 b5 11. Bd3 Bb7 12. 0-0 Rc8 13. Qe2 c5 14. dxc5 Rxc5 15. Bb1 Qc8 16. Ne4 Bxe4 17. Bxe4 g5 18. Bb1 gxh4 19. Rd4 Rc4 20. Nxh4 Rxd4 21. exd4 Qc4 22. Qe3 Kg7 23. Qg3+ Kh8 24. Qf4 Ng8 25. Nf3 Qd5 26. Re1 Bg5 27. Qc7 Bd8 28. Qc2 f5 29. h3 Ngf6 30. Qd2 Kh7 31. Qf4 Rg8 32. Rxe6 Qxe6 33. Bxf5+ Qxf5 34. Qxf5+ Kh8 35. Ne5 Nxe5 36. dxe5 Nh7 37. Qe6 Bg5 38. Qxa6 Bf4 39. Qxb5 Rd8 40. g3 Bg5 41. a4 Nf8 42. h4 Be7 43. Qc6 Kg7 44. a5 Rd1+ 45. Kg2 h5 46. a6 Ra1 47. Qb7 Ng6 48. a7 1-0

[Event "Titled Tuesday intern op 17th Jan Early"]
[Site "Chess.com INT"]
[Date "2023.01.17"]
[Round "8"]
[White "Vovk, Orest"]
[Black "Houska, Jovanka"]
[Result "1-0"]
[WhiteElo "2315"]
[BlackElo "2338"]
[PlyCount "83"]
[EventDate "2023.01.17"]
[EventType "swiss (blitz)"]
[EventRounds "11"]
[EventCountry "USA"]
[SourceTitle "CBM 212 Extra"]
[Source "ChessBase"]
[SourceDate "2023.03.31"]
[SourceVersion "1"]
[SourceVersionDate "2023.03.31"]
[SourceQuality "1"]

1. h4 d5 2. h5 h6 3. e4 dxe4 4. Nc3 Nf6 5. Qe2 Nbd7 6. Nxe4 Nxe4 7. Qxe4 Nf6 8. Qd3 Qxd3 9. Bxd3 Bg4 10. Be2 Bxe2 11. Nxe2 e6 12. d4 c5 13. Be3 Nd5 14. 0-0-0 Nxe3 15. fxe3 Be7 16. d5 exd5 17. Rxd5 Rd8 18. c4 b6 19. Kc2 g6 20. g4 Bg5 21. Kd3 Ke7 22. Nc3 Kf6 23. Ne4+ Kg7 24. hxg6 Kxg6 25. Rf1 f6 26. Nd6 Rh7 27. Nf5 Rhd7 28. e4 h5 29. gxh5+ Kxh5 30. Rh1+ Kg6 31. a3 Bf4 32. b4 cxb4 33. axb4 Bg5 34. Kd4 a5 35. bxa5 bxa5 36. Ra1 Bd2 37. Ra2 Bb4 38. Rg2+ Kf7 39. c5 Ke6 40. Ng7+ Kf7 41. c6 Rd6 42. Nf5 1-0

[Event "NOR-chT Elite 2223"]
[Site "Norway"]
[Date "2022.11.13"]
[Round "3.31"]
[White "Tari, Aryan"]
[Black "Houska, Jovanka"]
[Result "1-0"]
[WhiteElo "2660"]
[BlackElo "2347"]
[PlyCount "101"]
[EventDate "2022.11.11"]
[EventType "team-tourn"]
[EventRounds "9"]
[EventCountry "NOR"]
[SourceTitle "CBM 211 Extra"]
[Source "ChessBase"]
[SourceDate "2023.01.31"]
[SourceVersion "1"]
[SourceVersionDate "2023.01.31"]
[SourceQuality "1"]
[WhiteTeam "Offerspill"]
[BlackTeam "Bergens"]
[WhiteTeamCountry "NOR"]
[BlackTeamCountry "NOR"]

1. c4 e6 2. Nc3 d5 3. d4 Nf6 4. cxd5 exd5 5. Bg5 c6 6. e3 Be7 7. Bd3 Nbd7 8. Nf3 0-0 9. Qc2 Re8 10. 0-0 Nf8 11. h3 g6 12. Bf4 Ne6 13. Bh2 Ng7 14. Ne5 Bf5 15. g4 Bxd3 16. Qxd3 Bd6 17. Bg3 Qe7 18. Rae1 Ne4 19. Nxe4 dxe4 20. Qc2 f6 21. Nc4 Bxg3 22. fxg3 b5 23. Nd2 Rac8 24. Nb3 f5 25. Nc5 h5 26. Rf4 Rcd8 27. gxf5 gxf5 28. Ref1 Rd6 29. R1f2 Rg6 30. Rg2 Rf8 31. Qf2 Rff6 32. a4 bxa4 33. Qe2 Qf7 34. Qd1 Qc4 35. Nd7 Ne6 36. Ne5 Qb5 37. Nxg6 Rxg6 38. Rff2 Ng5 39. Qxh5 Kg7 40. Kh1 Qb3 41. Rxf5 Nf3 42. Rxf3 Qd1+ 43. Rg1 Qxf3+ 44. Qxf3 exf3 45. Rf1 Rf6 46. Kg1 Rf5 47. Ra1 f2+ 48. Kf1 Rb5 49. Rxa4 Rxb2 50. Rxa7+ Kf6 51. Ra5 1-0